000 00338nam a2200157Ia 4500
100 _aDesai/ Vasant
250 _a8
942 _cBK
654 _aManagement
245 _aManagement of a Small Scale Industry
260 _bHimalaya pub. House
_c1999
082 _a658.022
_bDES
300 _a549
546 _aENGLISH
999 _c26104
_d26104